Normal view MARC view

Entry Termo Gênero/Forma

Number of records used in: 7

001 - NÚMERO DE CONTROLE

  • campo de controle: 417

003 - IDENTIFICADOR DO NÚMERO DE CONTROLE

  • campo de controle: OSt

005 - DATA E HORÁRIO DA ÚLTIMA TRANSAÇÃO

  • campo de controle: 20250204074804.0

008 - CAMPO DE DADOS FIXOS

  • campo de controle de tamanho fixo: 250204|| aca||babn | a|a d

040 ## - FONTE DA CATALOGAÇÃO

  • Instituição da catalogação original: OSt

155 ## - CABEÇALHO--GÊNERO E FORMA

  • Gênero/forma: Ensaio

Powered by Koha